Joueur(euse) de Football par photo (2) - Statistiques

Statistiques générales
  • Ce quiz a été pris 189 fois
  • Le résultat moyen est 21 sur 28
Statistiques - réponses
Par images Réponse % Correct
Gareth Bale
99%
Kylian Mbappé
98%
Virgil van Dijk
98%
Bradley Barcola
97%
Lamine Yamal
97%
Frenkie de Jong
96%
Mohamed Salah
96%
David de Gea
95%
Heung-Min Son
94%
David Alaba
93%
Vitinha
93%
Nathan Aké
92%
Yann Sommer
91%
Jonathan David
90%
Loïs Openda
88%
Victor Osimhen
86%
Cody Gakpo
85%
Aitana Bonmatí
68%
Ismael Bennacer
68%
Stefan De Vrij
66%
Lauren James
62%
Kevin Danso
58%
Hakan Çalhanoglu
56%
Dejan Kulusevski
53%
Willi Orbán
51%
Domenico Berardi
39%
Naomi Girma
5%
Rachel Daly
3%
Aucun quiz correspondant
Distribution des résultats
% des personnes avec chaque résultat
Percentile par nombre de réponses
Votre historique - résultats
Vous n’avez pas pris ce quiz